000 00565nam a22001937a 4500
999 _c6694
_d6694
003 AR-CdUCM
008 190319b ||||| |||| 00| 0 spa d
040 _aMUNICIPALIDAD PROVINCIAL DEL CUSCO
_cBIBLIOTECA MUNICIPAL DEL CUSCO
082 _27ed.
_a082 /
_bIS77
100 _aIsaacs, Jorge
_918834
245 _aMaría /
260 _aLima :
_bUniverso,
_c1980.
300 _a285 páginas ;
_c176 cm.
440 _aColección autores clásicos
_n10
_918835
650 _aNovelas colombianas
_918836
650 _aSiglo XIX
_9971
942 _2ddc
_cLIBROS
945 _aafb